000 00639nam a2200229Ia 4500
003 OSt
005 20220928135521.0
006 a|||||r|||| 00| 0
007 ta
008 220927b |||||||| |||| 00| 0 eng d
024 _a2702
037 _cTextual
040 _aSDCL
_cSDCL
_beng
041 _2eng
_aeng
082 _aX:513, L5
100 _aCorkindale David R
_9491127
245 0 _aMeasuring the effect of advertising
_b A comprehensive approach
260 _c1975
700 _a Kennedy Sherril H
_9491128
942 _hX:513, L5
_cTEXL
_2CC
999 _c806511
_d806511